01634cam a2200361 ib45000010008000000030009000080050017000170080041000340200040000750200026001150400043001410820024001841000053002082450184002612460026004452640050004712640010005213000046005313360026005773370028006033380027006315000040006585040051006986500036007496500046007856550017008318560096008488560088009448560076010329420012011089990017011209520135011372580831EG-ScBUE20250720115130.0960916t1997 nyua f b 001 0 eng d a047130400X (pt. A : acidfree paper) a9780471304005 (pt. A) aEG-ScBUEbengerdacEG-ScBUEdEG-ScBUE04a540.153011222bBAL1 aBalasubramanian, Krishnan,d1956-97433eauthor.10aRelativistic effects in chemistry.npart A.,pTheory and techniques /cKrishnan Balasubramanian, Department of Chemistry and Biochemistry, Arizona State University, Temp, Arizona.30aTheory and techniques 1aNew York : bJohn Wiley & Sons, INC.,c[1997] 4cc1997 axiii, 301 pages :billustrations ;c25 cm 2rdacontentatextbtxt aunmediated2rdamediabn avolumebnc2rdacarrier a"A Wiley-Interscience publication." aIncludes bibliographical references and index. 7aQuantum chemistry.974342BUEsh 7aRelativistic quantum theory.974352BUEsh vReading book423Contributor biographical informationuhttp://www.loc.gov/catdir/bios/wiley041/96036641.html423Publisher descriptionuhttp://www.loc.gov/catdir/description/wiley031/96036641.html413Table of contentsuhttp://www.loc.gov/catdir/toc/wiley022/96036641.html 2ddccBB c12168d12168 00102ddc40708AlahramaMAINbMAINc1STd2009-07-01ePurchaseg411.40h72l0o540.153011 BALp000016978r2025-07-15 00:00:00yBB